000 00384cam a22001337a 4500
008 180718b1997 xxu||||| |||| 00| 0 eng d
082 _aB142x54 M697
245 _aWomen and society: equality and empowerment
_cedited by Joyati Mitra
260 _aNew Delhi
_bKanishka
_c1997
300 _a237p.
650 _aWomen - Legal status - India.
650 _aWomen
700 _aMitra, Joyati
999 _c380646
_d380646